Gobernabilidad democrática: logros y desafíos /
Furkejuvvon:
| Váldodahkki: | |
|---|---|
| Eará dahkkit: | |
| Materiálatiipa: | Texto |
| Fáttát: | |
| Fáddágilkorat: |
Lasit fáddágilkoriid
Eai fáddágilkorat, Lasit vuosttaš fáddágilkora!
|
MARC
| LEADER | 00000 a a2200000 04500 | ||
|---|---|---|---|
| 001 | 13191 | ||
| 003 | |||
| 040 | |||
| 100 | |a Zovatto, Daniel | ||
| 245 | |a Gobernabilidad democrática: |b logros y desafíos / |c Lagos, Martha Daniel Zovatto | ||
| 500 | |a Resumen también en inglés | ||
| 650 | |a DEMOCRACIA | ||
| 650 | |a GOBERNABILIDAD | ||
| 650 | |a HISTORIA POLITICA | ||
| 650 | |a GOBIERNO | ||
| 650 | |a CORRUPCION | ||
| 650 | |a AMERICA LATINA | ||
| 700 | |a Lagos, Martha | ||
| 773 | |g número 13 invierno; páginas 23-32 | ||
| 999 | |c 35606 |d 35606 | ||
